000 00292nam a22001337a 4500
020 _a0-7214-0577-5
082 _a823
_bSTE/T
100 _aSTEVENSON, ROBERT LOUIS
245 _aTREASURE ISLAND
260 _aUSA
_bLADY BIRD
300 _a51
650 _aENGLISH SHORT STORY
_zUSA
942 _cBK
999 _c1977
_d1977